| 000 | 00521nam a2200193 a 4500 | ||
|---|---|---|---|
| 005 | 20140310183420.0 | ||
| 008 | 070920s19uu xx 00 eng d | ||
| 020 | _a0130399132 | ||
| 050 |
_aQD 151.3 _b.H685 2005 |
||
| 100 | _aHousecroft, Catherine | ||
| 245 | _aInorganic chemistry / | ||
| 250 | _a2nd ed. | ||
| 260 |
_aU.S.A : _bPrentice Hall, Inc, _c2005. |
||
| 300 |
_a949 p. : _bcol. ill. ; _c27 cm. |
||
| 650 | _aChemistry, Inorganic. | ||
| 700 | _aSharpe, Alan G. | ||
| 942 |
_cBK _2lcc _kFOR |
||
| 999 |
_c22601 _d22601 |
||